| 000 | 00433nam a22001817a 4500 | ||
|---|---|---|---|
| 005 | 20260402130746.0 | ||
| 008 | 260402b |||||||| |||| 00| 0 eng d | ||
| 020 | _a9789388822503 | ||
| 041 | _aEnglish | ||
| 082 | _a346.0134 RAO | ||
| 100 | _aRao, Mamta | ||
| 245 | _aLaw relating to Women & Children | ||
| 250 | _a4th. | ||
| 260 |
_aNew Delhi : _bEBC, _c2019. |
||
| 300 | _a670 p | ||
| 650 | _bWomen : Children | ||
| 942 | _cDB | ||
| 999 |
_c9590 _d9590 |
||